LDR 00901naa#a2200181#i#450# 001 RU\\bibl\123057 005 20260513020919.3 011 ## _a3034-4689 100 ## _a20260508b2026####ek#y0rusy0150####ca 102 ## _aRU 200 1# _aОСОБЕННОСТИ ЛЮМИНЕСЦЕНЦИИ КОМПОЗИТНЫХ ПЛЕНОК НА ОСНОВЕ АНИЗОМЕТРИЧНЫХ КОМПЛЕКСОВ ЕВРОПИЯ(III) И ТЕРБИЯ(III), ДОПИРОВАННЫХ В МАТРИЦУ ПОЛИЛАКТИДА _eЖурнальная статья 210 1# _aКазань _cКазанский национальный исследовательский технологический университет _d2026 215 ## _a5 с. 608 ## _aЖурнальная статья _2local 700 #1 _aЗиятдинова _gР. М. 700 #1 _aКнязев _gА А 700 #1 _aГаляметдинов _gЮ Г 856 4# _avestniktu.ru _u